| 000 | 01085nam a2200325 a 4500 | ||
|---|---|---|---|
| 001 | 000006373 | ||
| 003 | CO-MqBPB | ||
| 005 | 20220315113055.0 | ||
| 008 | 990306s1996 ck gr 000 0 spa d | ||
| 020 | _a958-04-3169-8 | ||
| 040 |
_aCO-MqBPB _bspa _cCO-MqBPB |
||
| 082 | 0 | 4 |
_a158 _bC36si |
| 100 | 0 | _aChopra, Deepack | |
| 245 | 1 | 4 |
_aLas Siete leyes espirituales del exito : _bGuía práctica para la realización de los sueños / _cDeepak Chopra ; traducción de : Adriana de Hassan. |
| 250 | _a11a. ed. | ||
| 250 | _a13a ed. | ||
| 250 | _a15a ed. | ||
| 260 |
_aBogotá : _bNorma, _c1996. |
||
| 260 |
_aColombia _bNorma S. A., _c1996. |
||
| 260 |
_aColombia _bEditorial Norma S.A. _c1997 |
||
| 300 | _a124p. | ||
| 500 | _aEj. 1 de Chicala, anteriormente No acceso 051003012 de Patio Bonito ; Ej.1 de Biblioteca Mosquera corresponde a la colección de la Casa de la Cultura | ||
| 650 | 1 | 4 | _aÉxito EXITO |
| 650 | 2 | 4 | _aSuoreración personal |
| 650 | 2 | 4 | _aVida espiritual |
| 650 | 2 | 4 | _aEsperitualidad |
| 650 | 2 | 4 | _aSueños |
| 650 | 2 | 4 | _aMente y cerebro |
| 942 |
_2ddc _cBKLIT |
||
| 999 |
_c511 _d511 |
||